| 000 | 00895cam a2200289 a 4500 | ||
|---|---|---|---|
| 001 | 000004401 | ||
| 005 | 20230417152659.0 | ||
| 008 | 860225s1999 sp 000 d spa d | ||
| 020 | _a8489163472 | ||
| 040 |
_aDO-SdBNP _cCarP _dDLC |
||
| 041 | 1 | 7 |
_aspa _heng _2Código de idioma MARC |
| 082 |
_a822.33 _bS527ha |
||
| 100 | 1 |
_aShakespeare, William, _d1564-1616 _96748 |
|
| 240 | 1 | 0 |
_aHamlet. _lEspañol |
| 245 | 1 | 0 |
_aHamlet / _cWilliam Shakespeare ; traducción de Guillermo Mácpherson. |
| 260 |
_aMadrid : _bJ. M., _c1999. |
||
| 300 |
_a154 p. ; _c19 cm. |
||
| 490 | 1 |
_aClásicos universales _v12 |
|
| 490 | 1 | _aEdición íntegra. | |
| 534 |
_aTítulo original : _tHamlet. |
||
| 650 | 0 |
_aTeatro inglés _96749 |
|
| 650 | 4 |
_aLiteratura inglesa _ySIGLO XVI _96750 |
|
| 700 | 1 |
_aMácpherson, Guillermo, _etr. _912949 |
|
| 910 | _aCatalogación por copia / LC | ||
| 910 | _aWM | ||
| 049 | _aBNGR | ||
| 999 |
_c4210 _d4210 |
||